Poland by Picture - Statistics

General Stats
  • This quiz has been taken 704 times
  • The average score is 10 of 18
Answer Stats
Picture Hint Answer % Correct
(city) Warsaw
94%
(scientist) Maria Skłodowska Curie
93%
(body of water) Baltic Sea
88%
(currency) Zloty
85%
(city) Gdansk
77%
(astronomer) Nicolaus Copernicus
75%
(composer) Frédéric Chopin
72%
(animal) European Bison
55%
{Polish}-{Lithuanian} Commonwealth
55%
(fossilized tree resin) Amber
50%
(sandwich) Zapiekanka
48%
(castle) Malbork
46%
{Tatra} Mountains
43%
(castle) Wawel
43%
(king) John III Sobieski
35%
(voivodeship) Pomerania
34%
(invention) Latex Condom
3%
(discovery) Vitamine
2%
No matching quizzes found
Score Distribution
Percent of People with Each Score
Percentile by Number Answered
Your Score History
You have not taken this quiz